Structural design of the floor slab of an apartment building

Guardado en:
Detalles Bibliográficos
Autor principal: Mandač, Deina (Autor)
Otros Autores: Sonnenschein, Róbert (Orientador)
Formato: Manuscrito Libro
Lenguaje:eslovaco
inglés
Publicado: 2024
Materias:
Acceso en línea:http://is.stuba.sk/zp/portal_zp.pl?podrobnosti=167538
https://opac.crzp.sk/?fn=detailBiblioForm&sid=0CD22148AAB768F4955D76857C89
Etiquetas: Agregar Etiqueta
Sin Etiquetas, Sea el primero en etiquetar este registro!

MARC

LEADER 00000ntm a22000003a 4500
001 stuzp99551
003 SK-STU
005 20240925101947.3
007 ta
008 150427s2015----xo-----f-mn---000-0-slo-d
040 |a STU  |b slo 
041 0 |a eng 
100 1 |a Mandač, Deina  |u 010110  |4 aut  |U SvF Stavebná fakulta  |T SvF Katedra betónových konštrukcií a mostov  |X 114913  |U V110  |Y 11  |7 114913 
242 0 1 |a Železobetónová stropná konštrukcia bytového domu  |y slo 
245 1 0 |a Structural design of the floor slab of an apartment building 
260 |c 2024 
650 4 |a stropná konštrukcia  |2 slo 
650 4 |a bytový dom  |2 slo 
650 4 |a nosný systém  |2 slo 
650 4 |a vystuž  |2 slo 
650 4 |a apartment building  |2 eng 
650 4 |a bearing system  |2 eng 
650 4 |a reinforcment  |2 eng 
650 4 |a ceiling construction  |2 eng 
700 1 |a Sonnenschein, Róbert  |u 010110  |k Z1  |4 ths  |U SvF Stavebná fakulta  |T SvF Katedra betónových konštrukcií a mostov  |X 28824  |U V110  |Y 11  |7 A000028824 
856 4 |u http://is.stuba.sk/zp/portal_zp.pl?podrobnosti=167538 
856 4 |u https://opac.crzp.sk/?fn=detailBiblioForm&sid=0CD22148AAB768F4955D76857C89